00319nam a2200109Ia 4500008004100000082000800041100002100049245002300070942000600093952009500099999001500194240331s9999 xx 000 0 und d bPUS aPushpavanam, N.R 0aVil prantha kathai cL 001040708LaWERCLbWERCLcSSCd2024-03-31l0o 784 PUSp1852r2024-03-31w2024-03-31yL c3683d3683